The cycle of leadership : how great leaders teach their companies to win

Bibliographic Details
Main Author: Tichy,Noel M.
Other Authors: Cardwell,Nancy
Format: Book
Published: New York : Harper Collins , 2004
Subjects:

MARC

LEADER 00000cam a2200000 7i4500
001 0000015353
005 20080324.0
008 080324
020 |a 0066620570 
090 0 0 |a 303.34   |b TIC 
100 1 |a Tichy,Noel M. 
245 1 4 |a The cycle of leadership :   |b how great leaders teach their companies to win   |c Noel M.Tichy with Nancy Cardwell 
260 |a New York :   |b Harper Collins ,   |c 2004 
650 0 |a Leadership 
700 1 |a Cardwell,Nancy 
999 |a 0001017128   |b Book   |c Adult Collection   |e Perbadanan Perpustakaan Awam Johor 
999 |a 0001017129   |b Book   |c Adult Collection   |e Perbadanan Perpustakaan Awam Johor